000
00237 a2200097 4500
001
45812
100
_a
Hill M
245
_a
McGraw-Hill encyclopedia of science & technology
260
_a
New York
_b
McGraw-Hill
_c
090
_c
28940
_d
28940
942
_a
NUST-CAE
_c
M
_c
21047
999
_c
280885
_d
280885